Sports Quiz

Random Sports or NBA Quiz

NBA Since 1980 Quiz Stats

 Plays Quiz not verified by Sporcle

Challenge
Share
Tweet
Embed
Score 0/140 Timer 10:00
0 Plays Today
Year Team % Correct
NBA ChampionBoston Celtics
99.4%
NBA ChampionBoston Celtics
99.4%
NBA ChampionBoston Celtics
99.4%
NBA ChampionBoston Celtics
99.4%
NBA FinalistBoston Celtics
99.4%
NBA FinalistBoston Celtics
99.4%
NBA FinalistBoston Celtics
99.4%
NBA ChampionLos Angeles Lakers
99.4%
NBA ChampionLos Angeles Lakers
99.4%
NBA ChampionLos Angeles Lakers
99.4%
NBA ChampionLos Angeles Lakers
99.4%
NBA ChampionLos Angeles Lakers
99.4%
NBA ChampionLos Angeles Lakers
99.4%
NBA ChampionLos Angeles Lakers
99.4%
NBA ChampionLos Angeles Lakers
99.4%
NBA ChampionLos Angeles Lakers
99.4%
NBA FinalistLos Angeles Lakers
99.4%
NBA FinalistLos Angeles Lakers
99.4%
NBA FinalistLos Angeles Lakers
99.4%
NBA FinalistLos Angeles Lakers
99.4%
NBA FinalistLos Angeles Lakers
99.4%
NBA FinalistLos Angeles Lakers
99.4%
NBA ChampionSan Antonio Spurs
99%
NBA ChampionSan Antonio Spurs
99%
NBA ChampionSan Antonio Spurs
99%
NBA ChampionSan Antonio Spurs
99%
NBA ChampionSan Antonio Spurs
99%
NBA FinalistSan Antonio Spurs
99%
NBA ChampionGolden State Warriors
99%
NBA ChampionMiami Heat
99%
NBA ChampionMiami Heat
99%
NBA ChampionMiami Heat
99%
NBA FinalistMiami Heat
99%
NBA FinalistMiami Heat
99%
Regular Season MVPMichael Jordan
98.9%
Regular Season MVPMichael Jordan
98.9%
Regular Season MVPMichael Jordan
98.9%
Regular Season MVPMichael Jordan
98.9%
Finals MVPMichael Jordan
98.9%
Finals MVPMichael Jordan
98.9%
Finals MVPMichael Jordan
98.9%
Finals MVPMichael Jordan
98.9%
Finals MVPMichael Jordan
98.9%
Finals MVPMichael Jordan
98.9%
NBA ChampionChicago Bulls
98.9%
NBA ChampionChicago Bulls
98.9%
NBA ChampionChicago Bulls
98.9%
Year Team % Correct
NBA ChampionChicago Bulls
98.9%
NBA ChampionChicago Bulls
98.9%
NBA ChampionChicago Bulls
98.9%
Regular Season MVPLeBron James
98.7%
Regular Season MVPLeBron James
98.7%
Regular Season MVPLeBron James
98.7%
Regular Season MVPLeBron James
98.7%
Finals MVPLeBron James
98.7%
Finals MVPLeBron James
98.7%
NBA FinalistCleveland Cavaliers
98.7%
NBA ChampionDallas Mavericks
98.7%
NBA FinalistDallas Mavericks
98.7%
Regular Season MVPMicheal Jordan
98.6%
NBA ChampionDetroit Pistons
98.4%
NBA ChampionDetroit Pistons
98.4%
NBA ChampionDetroit Pistons
98.4%
NBA FinalistDetroit Pistons
98.4%
NBA FinalistDetroit Pistons
98.4%
NBA ChampionHouston Rockets
98.2%
NBA ChampionHouston Rockets
98.2%
NBA FinalistHouston Rockets
98.2%
NBA FinalistHouston Rockets
98.2%
Regular Season MVPKobe Bryant
98.1%
Finals MVPKobe Bryant
98.1%
Finals MVPKobe Bryant
98.1%
Regular Season MVPShaquille O'Neal
97.4%
Finals MVPShaquille O'Neal
97.4%
Finals MVPShaquille O'Neal
97.4%
Finals MVPShaquille O'Neal
97.4%
Regular Season MVPTim Duncan
97.2%
Regular Season MVPTim Duncan
97.2%
Finals MVPTim Duncan
97.2%
Finals MVPTim Duncan
97.2%
Finals MVPTim Duncan
97.2%
Regular Season MVPLarry Bird
96.9%
Regular Season MVPLarry Bird
96.9%
Regular Season MVPLarry Bird
96.9%
Finals MVPLarry Bird
96.9%
Finals MVPLarry Bird
96.9%
Regular Season MVPEarvin Magic Johnson
96.8%
Regular Season MVPEarvin Magic Johnson
96.8%
Regular Season MVPEarvin Magic Johnson
96.8%
Finals MVPEarvin Magic Johnson
96.8%
Finals MVPEarvin Magic Johnson
96.8%
NBA ChampionPhiladelphia 76ers
96.7%
NBA FinalistPhiladelphia 76ers
96.7%
NBA FinalistPhiladelphia 76ers
96.7%
Year Team % Correct
Regular Season MVPStephen Curry
96.3%
NBA FinalistCleveland Cavaliers
95.9%
NBA FinalistUtah Jazz
95.7%
NBA FinalistUtah Jazz
95.7%
Regular Season MVPDirk Nowitzki
95.6%
Finals MVPDirk Nowitzki
95.6%
Finals MVPDwyane Wade
95.5%
Regular Season MVPHakeem Olajuwon
94.8%
Finals MVPHakeem Olajuwon
94.8%
Finals MVPHakeem Olajuwon
94.8%
NBA FinalistNew York Knicks
94.8%
NBA FinalistNew York Knicks
94.8%
Regular Season MVPKevin Durant
94.6%
NBA FinalistOrlando Magic
94.2%
NBA FinalistOrlando Magic
94.2%
NBA FinalistOklahoma City Thunder
93.8%
Finals MVPTony Parker
93.6%
Regular Season MVPKarl Malone
92.1%
Regular Season MVPKarl Malone
92.1%
Finals MVPPaul Pierce
92.1%
Regular Season MVPMoses Malone
92%
Regular Season MVPMoses Malone
92%
Finals MVPMoses Malone
92%
Finals MVPIsiah Thomas
91.9%
Finals MVPKawhi Leonard
91.9%
NBA FinalistNew Jersey Nets
91.6%
NBA FinalistNew Jersey Nets
91.6%
NBA FinalistPhoenix Suns
91.5%
Regular Season MVPSteve Nash
91.5%
Regular Season MVPSteve Nash
91.5%
Finals MVPAndre Iguodala
91%
Regular Season MVPAllen Iverson
90.4%
NBA FinalistPortland Trail Blazers
89.8%
NBA FinalistPortland Trail Blazers
89.8%
Finals MVPKareem Abdul-Jabbar
88.9%
Finals MVPChauncey Billups
88.8%
NBA FinalistSeattle Supersonics
87.6%
NBA FinalistIndiana Pacers
87.5%
Regular Season MVPCharles Barkley
87.1%
Regular Season MVPKevin Garnett
85.9%
Finals MVPJames Worthy
85.1%
Regular Season MVPDavid Robinson
84.5%
Finals MVPJoe Dumars
82.8%
Regular Season MVPDerrick Rose
81.6%
Regular Season MVPJulius Erving
76.8%
Finals MVPCedric Maxwell
56.2%

You're not logged in!

Compare scores with friends on all Sporcle quizzes.
Join for Free
OR
Log In

You Might Also Like...

Show Comments

Extras

Top Quizzes Today


Score Distribution

Your Account Isn't Verified!

In order to create a playlist on Sporcle, you need to verify the email address you used during registration. Go to your Sporcle Settings to finish the process.

Report this User

Report this user for behavior that violates our Community Guidelines.

Details: